000 01138cam a22003377a 4500
003 CHAP
005 20220329135348.0
008 971013s1974 r 00010 d
010 _a35067
011 _a36039
035 _a40158
040 _cCHAP
090 _aFolleto 44
110 _aMéxico. Leyes, decretos, etc.
_977071
245 0 _aLeyes, decretos y reglamento sobre transferencia de tecnología e inversiones nacionales y extranjeras
260 _aMéxico, D.F. :
_bConsejo Nacional de Ciencia y Tecnología,
_c1974
300 _a57 p
490 0 _aSerie documentos
_v; 5
590 _aBATCH-UPD
_b10
_c20130110
_lUCH01
_h1101
590 _aBATCH-UPD
_b10
_c20130410
_lUCH01
_h0655
590 _aBATCH-UPD
_b10
_c20130914
_lUCH01
_h1653
590 _aCONVERSION
_b10
_c20130109
_lUCH01
_h1320
650 1 4 _aInversiones extranjeras
_xLeyes.
_960199
650 1 4 _aInversiones
_zMéxico.
_960189
650 1 4 _aPatentes
_xLeyes.
_986154
650 1 4 _aTransferencia de tecnología.
_9114619
830 0 _aSerie documentos
_v; 5
_9104824
901 _aBK
942 _cFOLL
949 _aFolleto 44
_bBC
_cFOLL
_d-91738
_eTS1
_i40158
_mD
_si
999 _c35067
_d35067